[Event "Golden Cleopatra op"]
[Site "Cairo"]
[Date "2016.12.19"]
[Round "8"]
[White "Ibrahim, Hatim"]
[Black "Hosni, Yehya"]
[Result "1-0"]
[WhiteElo "2334"]
[BlackElo "2130"]
[PlyCount "91"]
[EventDate "2016.12.13"]
[EventType "swiss"]
[EventRounds "10"]
[EventCountry "EGY"]
[SourceTitle "CBM 176 Extra"]
[Source "ChessBase"]
[SourceDate "2017.03.02"]
[SourceVersion "1"]
[SourceVersionDate "2017.03.02"]
[SourceQuality "1"]

1. d4 d5 2. Nf3 Nf6 3. c4 e6 4. e3 c6 5. b3 Bb4+ 6. Bd2 Bxd2+ 7. Nbxd2 Nbd7 8. Bd3 Qe7 9. 0-0 0-0 10. Qc2 e5 11. cxd5 cxd5 12. Nxe5 Nxe5 13. dxe5 Qxe5 14. Nf3 Qe7 15. Rac1 Bg4 16. Nd4 Rac8 17. Qd2 a6 18. h3 Bd7 19. Rxc8 Rxc8 20. Rc1 Qf8 21. Ne2 Rxc1+ 22. Qxc1 Qc8 23. Qc3 Bf5 24. Bxf5 Qxf5 25. Qc7 h6 26. Qxb7 Qb1+ 27. Kh2 Qxa2 28. Qc8+ Kh7 29. Qf5+ Kg8 30. Nd4 Qa3 31. Qc8+ Kh7 32. Qc7 Qf8 33. Qb6 Qc8 34. Qc6 Qb8+ 35. g3 a5 36. Qc5 Qd8 37. Qa7 Nd7 38. Kg2 Kg8 39. Nc6 Qe8 40. Qd4 Qa8 41. Qxd5 Qe8 42. Nxa5 Nf6 43. Qc6 Qe5 44. Nc4 Qc3 45. Qb7 Qc2 46. Nd6 1-0

[Event "Golden Cleopatra op 6th"]
[Site "Cairo"]
[Date "2002.04.10"]
[Round "4"]
[White "Hosni, Yehya"]
[Black "El Ghazali, Youssef M"]
[Result "0-1"]
[WhiteElo "2157"]
[BlackElo "2362"]
[PlyCount "80"]
[EventDate "2002.04.07"]
[EventType "swiss"]
[EventRounds "11"]
[EventCountry "EGY"]
[SourceTitle "CBM 087 Extra"]
[Source "ChessBase"]
[SourceDate "2002.05.03"]
[SourceVersion "2"]
[SourceVersionDate "2002.08.09"]
[SourceQuality "1"]

1. d4 Nf6 2. Nf3 c5 3. dxc5 e6 4. e3 Bxc5 5. Bd3 d5 6. 0-0 Nc6 7. c4 0-0 8. a3 dxc4 9. Bxc4 Qc7 10. b4 Be7 11. Nbd2 e5 12. Qc2 Bd6 13. h3 Ne7 14. Bb2 Bf5 15. Qb3 Ng6 16. g4 Bc8 17. Rac1 Qe7 18. Rfd1 h6 19. Qc2 Be6 20. g5 hxg5 21. Bxe6 Qxe6 22. Nxg5 Qe7 23. Nc4 Bc7 24. Qe2 Rad8 25. Qf3 b5 26. Nd2 Rd7 27. Nb3 e4 28. Bxf6 gxf6 29. Nxe4 Rxd1+ 30. Rxd1 Kg7 31. Nbc5 Rd8 32. Rxd8 Qxd8 33. Nb3 Be5 34. Ng3 Bxg3 35. fxg3 Ne5 36. Qe2 Qc8 37. Kh2 Qc3 38. Nd4 Qxa3 39. Nf5+ Kf8 40. Qc2 Nf3+ 0-1